| 000 | 00975nam a2200217Ia 4500 | ||
|---|---|---|---|
| 999 |
_c43995 _d43995 |
||
| 001 | 10745 | ||
| 003 | GE_BSU | ||
| 005 | 20231214112909.0 | ||
| 008 | 181216s2013ge xx |||||||||||||| ||geo|| | ||
| 020 | _a9789941933622 | ||
| 040 | _cGE_BSU | ||
| 041 | _ageo | ||
| 080 | _a595.7ა–48 | ||
| 100 |
_aალექსიძე, გურამ. _97983 |
||
| 245 |
_aადამიანი და მწერები : _b[ენტომოლოგია] / _cგურამ ლორთქიფანიძე, რედ.სანდრო ყანჩაველი. |
||
| 264 |
_aთბილისი: _bივერიონი, _c2013. |
||
| 300 |
_a152 გვ; _bილ;ილუსტრაციები:გვ.133–150. _c20 სმ. |
||
| 653 | _aადამიანი და მწერები [ენტომოლოგია] | ||
| 700 |
_aყანჩაველი, .სანდრო _eრედაქტორი _920725 |
||
| 942 |
_cBK _2udc |
||